All Songs on Evermore by Taylor Swift - Statistics

General Stats
  • This quiz has been taken 24 times
  • The average score is 13 of 15
Answer Stats
Answer % Correct
champagne problems
100%
evermore
95%
gold rush
95%
marjorie
95%
tolerate it
95%
willow
95%
coney island
91%
no body, no crime
91%
'tis the damn season
91%
closure
86%
dorothea
82%
cowboy like me
77%
ivy
77%
long story short
77%
happiness
73%
No matching quizzes found
Score Distribution
Percent of People with Each Score
Percentile by Number Answered
Your Score History
You have not taken this quiz